000 01513cam a2200361 a 4500
001 EDZ0000116381
003 StDuBDS
005 20161031105127.0
006 m||||||||d||||||||
007 cr |||||||||||
008 130111s2010 caua fo| 0|0|0|eng|d
020 _a9781446261620 (ebook) :
_cNo price
040 _aStDuBDS
_beng
_cStDuBDS
_epn
049 _aAlfaisal Main Library
050 0 _aJC355
_b.F347 2010
082 0 4 _a321.02
_223
245 0 0 _aFederalism
_h[electronic resource] /
_cedited by John Kincaid.
260 _aThousand Oaks, [Calif.] :
_bSAGE,
_c2010.
300 _a1 online resource (4 v.) :
_bill.
490 1 _aSAGE library of political science
520 8 _aFederalism is a leading mechanism for addressing problems of human diversity and political scale, both small and large. This title imposes a structure for the purposes of studying this complex political structure and process of governance. It is suitable for researchers, post-graduates and political scientists in general.
521 _aSpecialized.
588 _aDescription based on print version record.
504 _aIncludes bibliographical references.
650 0 _aFederal government.
655 7 _aElectronic books.
_2local
700 1 _aKincaid, John,
_d1946-
710 2 _aSage eBooks
776 0 8 _iPrint version :
_z9781847874580
830 0 _aSAGE library of political science.
856 4 0 _uhttp://ezproxy.alfaisal.edu/login?url=http://sk.sagepub.com/navigator/federalism
942 _2lcc
_cEBOOKS
999 _c479878
_d479878